00856cam a2200241 a 45000010008000000030005000080050017000130080041000300100017000710200036000880200035001240400018001590500019001770820012001961000045002082450069002532600036003223000024003584400031003825040066004136500046004798560089005254000335Nust20180117090023.0960919s1997 nju b 001 0 eng  a 96046360  a0805820353 (cloth : alk. paper) a0805820361 (pbk. : alk. paper) aDLCcDLCdDLC00aP94b.J46 199700a1752211 aJensen, J. Vernonq(John Vernon),d1922-10aEthical issues in the communication process /cJ. Vernon Jensen. aMahwah, N.J. :bErlbaum,c1997. ax, 236 p. ;c24 cm. 0aLEA's communication series aIncludes bibliographical references (p. 203-228) and indexes. 0aCommunicationxMoral and ethical aspects.423Publisher descriptionuhttp://www.loc.gov/catdir/enhancements/fy0709/96046360-d.html